000 00520nam a2200181Ia 4500
008 120926t1984 xxu||||| |||| 00| 0 sin d
041 _asin
080 _a8 S (3 - 053. 2) (13) (Yo
_bth)
100 _aAnderson,Hans Christian
245 _aදිය කිඳුරිය සහ තවත් කතා
246 _aDiya Kiduriya Saha Thawath Katha
260 _a
_c1984
300 _b27p, ill, 21 cm
700 _aMahendra,Sunanda
_etr.
942 _cBK
999 _c42823
_d42823
003 LK-CoDNM
040 _aLK-CoDNM
_dLK-CoDNM
_eLK-CoDNM